000 00904nam a22003137a 4500
003 CHAP
005 20220329132939.0
008 971013s1977 r 00010 d
010 _a562
011 _a1534
035 _a710
040 _cCHAP
082 _a530
_bP55
100 0 0 _aPinzón Escamilla, Alvaro.
_988375
245 _aFísica II; conceptos fundamentales y su aplicación
260 _aMéxico, D. F. :
_bHarla,
_c1977
300 _a287 p.
_b: ilus.
490 _aHarper
500 _a37-33
590 _aBATCH-UPD
_b10
_c20130110
_lUCH01
_h1405
590 _aBATCH-UPD
_b10
_c20130410
_lUCH01
_h0854
590 _aBATCH-UPD
_b10
_c20130914
_lUCH01
_h1421
590 _aCONVERSION
_b10
_c20130109
_lUCH01
_h1302
650 1 4 _aFísica.
_941975
830 0 _aHarper
_952798
901 _aBK
942 _cLIBRO
949 _a530 P55
_bBC
_cLIBRO
_d33724000918660
_eLIBRO
_gI. c/e
_h77500
_i710
_si
_t19.90
999 _c562
_d562